Mes idees
Saved in:
| Main Author: | |
|---|---|
| Format: | Book |
| Language: | French English |
| Published: |
Paris :
Denoeel ; Gonthier,
1977.
|
| Series: | Bibliotheque Mediations ;
153 |
| Subjects: | |
| Tags: |
Add Tag
No Tags, Be the first to tag this record!
|
MARC
| LEADER | 00000cam a2200000 i 4500 | ||
|---|---|---|---|
| 001 | 1/23144 | ||
| 008 | 970718s1977 fr | ||| |||| ||fre|| | ||
| 035 | |a 1993 |b 1 |c Ανθουλιάς |l 10036764 | ||
| 040 | |a GR-MyUa |b gre |e AACR2 | ||
| 041 | 1 | |a fre |h eng | |
| 082 | 7 | |a 155.4 |2 (22) | |
| 100 | 1 | |a Piaget, Jean, |d 1896-1980. | |
| 245 | 1 | 0 | |a Mes idees / |c Jean Piaget. |
| 260 | |a Paris : |b Denoeel ; |b Gonthier, |c 1977. | ||
| 300 | |a 184 σ. ; |c 18 εκ. | ||
| 490 | 1 | |a (Bibliotheque Mediations ; |v 153) | |
| 500 | |a Τίτλος πρωτοτύπου: Jean Piaget, the man and his ideas. | ||
| 650 | 0 | |a Child psychology. | |
| 650 | 0 | |a Cognition in children. | |
| 830 | 0 | |a Bibliotheque Mediations ; |v 153 | |
| 852 | |a INST |b RHODES |e 19970718 |h 155.4 PIA |p 005400009828 |q 005400009828 |t BK |y 0 | ||